Staged cascades in chemical processing (Record no. 26899)

MARC details
000 -LEADER
fixed length control field 00293nam a2200109Ia 4500
082 ## - DEWEY DECIMAL CLASSIFICATION NUMBER
Classification number 066.02
Item number BRI
100 ## - MAIN ENTRY--AUTHOR NAME
Personal name Brian, P L Thibant
245 #0 - TITLE STATEMENT
Title Staged cascades in chemical processing
260 ## - PUBLICATION, DISTRIBUTION, ETC. (IMPRINT)
Place of publication New Jersey
Name of publisher Prentice hall
Year of publication 1972
942 ## - ADDED ENTRY ELEMENTS (KOHA)
Koha item type Books
Holdings
Withdrawn status Lost status Damaged status Not for loan Home library Current library Date acquired Cost, normal purchase price Full call number Accession Number Koha item type
        RRII Library RRII Library 16/12/2021 18.95 066.02 BRI 07530 Books